Quizzes
Events
Quiz Creation
Community
Videos
Private Events
Remove Ads
Sign In
Join for FREE
Feedback
Dark Mode
Quiz Categories
Sports
Geography
Music
Movies
Television
Just For Fun
Miscellaneous
History
Literature
Language
Science
Gaming
Entertainment
Religion
Holiday
For Kids
Quiz Lab
Recent
Popular Today
Quiz Kudos Today
Editor Picks
Curator Picks
Quizzes by...
Day
Popularity
Type
Ratings
Length
Year
Community
Subscriptions
Recent Discussions
Orange Saloon
Badges
Playlists
Quests
Create
Leaderboards
Showdown
Live 5
Trivia Bingo
Activity
Puzzle Library
Sporcle Events
Private Events
Virtual Trivia
Globe League
Become a Host
Pub Owners
SporcleCon
Opinionation
Our Games
Videos
Blog
Mobile Apps
Partnerships
Remove Ads and Go Orange
Feedback
Geography
Country
Landmarks
City
State
Population
World
Capital
Continent
Flags
Europe
Africa
Asia
South America
North America
Oceania
Border
Canada
United Kingdom
Topography
United States
Geography
Country
Landmarks
City
State
Population
World
Capital
Continent
Flags
Europe
Africa
Asia
South America
North America
Oceania
Border
Canada
United Kingdom
Topography
United States
Random Quiz
Search Sporcle
×
Quiz Lab
Quiz Lab
Geography
Country
Type in answers that appear in a list
Type in answers that appear in a list
Classic
Best Score? Go Orange.
Foreign-Born Population: UK by Gender Stats
Can you name the 50 most popular countries of origin of male and female immigrants in the UK?
By
tidal93341
6m
100 Questions
188 Plays
188 Plays
188 Plays
Comments
Comments
Give Quiz Kudos
Give Quiz Kudos
-
- Ratings
hide this ad
Replay
Link that replays current quiz
Next Quiz
Link to next quiz in quiz playlist
You Got
0%
They Got
Avg Score
72%
Avg Friend Score
Upgrade to see
Score Distribution
Jump to the score distribution portion of the page
Score
0/100
Timer
06:00
0
Plays Today
Gender
Country
% Correct
Male
India
95.2%
Female
India
95.2%
Male
USA
94.7%
Female
USA
94.1%
Male
Poland
92.6%
Female
Poland
92.6%
Male
Germany
90.4%
Male
Pakistan
90.4%
Female
Germany
90.4%
Female
Pakistan
90.4%
Male
Canada
89.4%
Male
China
89.4%
Female
Canada
89.4%
Female
China
89.4%
Male
Ireland
87.8%
Female
Ireland
87.8%
Male
Australia
87.2%
Female
Australia
87.2%
Male
France
86.7%
Female
France
86.7%
Male
Spain
86.2%
Female
Spain
86.2%
Female
Russia
84.6%
Male
Italy
84%
Male
Portugal
84%
Female
Italy
84%
Female
Portugal
84%
Male
Turkey
82.4%
Male
South Africa
82.4%
Female
Turkey
82.4%
Female
South Africa
82.4%
Male
Nigeria
81.9%
Female
Nigeria
81.9%
Male
Bangladesh
80.3%
Gender
Country
% Correct
Male
New Zealand
80.3%
Female
Bangladesh
80.3%
Female
New Zealand
80.3%
Male
Iran
79.8%
Female
Iran
79.8%
Female
Japan
79.8%
Male
Romania
78.7%
Female
Romania
78.7%
Male
Greece
77.7%
Male
Brazil
77.7%
Female
Brazil
77.7%
Female
Greece
77.7%
Male
Iraq
77.1%
Female
Iraq
77.1%
Male
Kenya
75.5%
Male
Netherlands
75.5%
Female
Kenya
75.5%
Female
Netherlands
75.5%
Female
Sweden
74.5%
Male
Egypt
73.9%
Male
Jamaica
72.9%
Female
Jamaica
72.9%
Male
Ghana
69.1%
Female
Ghana
69.1%
Male
Sri Lanka
67.6%
Male
Vietnam
67.6%
Female
Thailand
67.6%
Female
Vietnam
67.6%
Female
Sri Lanka
67.6%
Male
Somalia
67%
Female
Somalia
67%
Male
Lithuania
66.5%
Male
Philippines
66.5%
Female
Lithuania
66.5%
Gender
Country
% Correct
Female
Philippines
66.5%
Male
Bulgaria
66%
Female
Bulgaria
66%
Male
Afghanistan
64.9%
Female
Afghanistan
64.9%
Male
Hungary
63.8%
Female
Hungary
63.8%
Male
Latvia
63.3%
Male
Malaysia
63.3%
Female
Latvia
63.3%
Female
Malaysia
63.3%
Male
Zimbabwe
62.2%
Female
Zimbabwe
62.2%
Male
Slovakia
60.6%
Female
Slovakia
60.6%
Male
Nepal
58.5%
Female
Nepal
58.5%
Male
Uganda
55.9%
Female
Uganda
55.9%
Male
Saudi Arabia
55.3%
Male
Cyprus
54.3%
Female
Cyprus
54.3%
Male
Tanzania
51.6%
Female
Tanzania
51.6%
Male
Algeria
50%
Male
Czech Republic
50%
Female
Czech Republic
50%
Male
Malta
45.2%
Male
Singapore
42%
Female
Singapore
42%
Male
Mauritius
22.9%
Female
Mauritius
22.9%
Quiz Playlist
Details
Report
Send in Message
Add To Playlist
Classic:
Type in answers that appear in a list
Quiz Source
Last Updated: Feb 16, 2017
Quiz Scoreboard
CHALLENGE
Sign Up to Join the Scoreboard
Show All
Scores
Hide
Comments
May contain spoilers
Recently Published
9x9 Crossword: Cartoon Network
by jackfrog10
Miscellaneous
3m
College Basketball Coaching Resumes
by pancakes188
Sports
9m
Billboard Blitz: Fleetwood Mac
by CooCooCachoo
Music
15s
More to Explore
Quiz From the Vault
Featured Blog Post
Where Did the Easter Bunny Come From?
hide this ad
You Might Also Like...
Tags
Country Quiz
United Kingdom Quiz
destination
diaspora
foreign
Foreign Born
Gender
immigrant
immigrate
immigration
Largest Immigrant
Today's Top Quizzes in Geography
Browse Geography
hide this ad
Today's Top Quizzes in Country
Browse Country
Top Contributed Quizzes in Geography
1
Countries of the World - No Outlines Minefield
2
Top 25 Cities of France on a map
3
Any capital of a 'B' country per Continent
4
Any capital of a 'C' country per Continent
5
Closest Countries to UK A-Z
6
Any capital of a 'D' country per Continent
7
5-to-1: US Geography No Hints
8
Any capital of an 'E' country per Continent
9
Find the US States - No Outlines
10
Any capital of an 'F' country per Continent
Explore More
Trending Topics
Disney
Marvel
Crossword
Harry Potter
Kpop
Anime
NBA
Soccer
Song
The Office
Puzzle
Pokémon
Country
WWE
NFL
hide this ad
More By:
tidal93341
Quiz
Plays
Rating
Category
Featured
Created
UK Immigrant Origin Countries by Continent
40,991
4.58
Geography
Nov 8, 2015
Anything but Vietnam
39,545
4.66
Geography
Aug 14, 2015
Foreign-Born Population: Malta
31,759
4.52
Geography
Mar 13, 2017
Second Largest Religion by Country
18,848
4.38
Religion
Feb 6, 2015
British Diaspora
7,412
4.67
Geography
Oct 7, 2015
Go to Creator's Profile
Score Distribution
Quiz Creator Spotlight
tidal93341
Follow
Send a Message
Quizzes Created
-
Created Quiz Play Count
-
More By This Creator
Popular Quizzes Today
1
Find the US States - No Outlines Minefield
2
Find the Countries of Europe - No Outlines Minefield
3
The Countries of the World
4
Find the US States
5
Risky Map Clicking: Biggest States A-Z
6
US States
7
Popular People in 1961
8
Movies - When Are They Set?
More Geography Quizzes
Most Populous 10-Letter Cities
Quiz Lab
Trending Quizzes
Risky Map Clicking: Least Populous States A-Z
1-10 Letter G Words
1-10 Letter F Words
Risky Map Clicking: Next State Alphabetically
Adjectives in 80s TV Shows
Recently Updated
Leaping Animals
pecheneg
Reality TV Shows (A-Z)
bhenderson79
Rickey Henderson's Hall of Fame Teammates
pecheneg
Champions League XIs: Arsenal
pecheneg
Quick Pick: Celebrities in WWE's Hall of Fame
aduchscher
A-Z Keypad Blitz II
pecheneg
Multiple Oscar Actors
pecheneg
Mystery Phrase Blitz: Oscar 'Best Actors'
pecheneg
F. Scott Fitzgerald Novels
LTH
Pick 3 Villains
ddd62291
Trending Topics
Anime
Harry Potter
Kpop
NBA
Disney
Marvel
Crossword
Song
Puzzle
Pokémon
The Office
Country
Soccer
WWE
NFL
Your Account Isn't Verified!
In order to create a playlist on Sporcle, you need to verify the email address you used during registration. Go to your
Sporcle Settings
to finish the process.
Report this User
Report this user for behavior that violates our
Community Guidelines
.
Details:
Send Report
Go to the Sporcle.com Mobile Site →
Comments